| 000 | 00417nam a2200145 a 4500 | ||
|---|---|---|---|
| 005 | 20140412111433.0 | ||
| 008 | 131010s19uu xx 00 eng d | ||
| 020 | _a97807120542 | ||
| 050 |
_aREF 030 _bNew42 2008 |
||
| 245 |
_aNew book of knowledge (The): _bvol 6 F. |
||
| 260 |
_aDanbury, Connecticut : _bScholastic, Inc, _cc2008. |
||
| 300 | _ap553 | ||
| 650 |
_aEncyclopedia- _xstudy and teaching |
||
| 999 |
_c106405 _d106405 |
||